000 00429nam a22001817a 4500
003 NUST - PNEC
005 20170116180840.0
008 150819b xxu||||| |||| 00| 0 eng d
020 _a-
040 _cLIBRARY
082 _a891.4393 UME
100 _95279
_aUmera Ahmed
245 _aDarbar-e-Dil
_cUmera Ahmed
250 _a10 ed.
260 _cc2011.
650 _95281
_aUrdu Adab, Literature
_xGeneral
942 _2ddc
_cBK
999 _c64359
_d64359